Vývoj a analýza repo obchodov na Slovensku
Repo obchody ako nový nástroj riadenia úverového a úrokového rizika. Repo obchody v súčasnosti na slovenskom trhu podceňované, ich využitie nie je na takej úrovni ako na európskom trhu. Nástroj, ktorý podporuje rozvoj finančného trhu.
Enregistré dans:
| Auteur principal: | |
|---|---|
| Format: | Chapitre de livre |
| Langue: | slovaque |
| Sujets: | |
| Tags: |
Pas de tags, Soyez le premier à ajouter un tag!
|
MARC
| LEADER | 00000naa$a2200000$$$4500 | ||
|---|---|---|---|
| 001 | 0147469 | ||
| 005 | 20240502072649.9 | ||
| 041 | 0 | |a slo | |
| 044 | |a SK | ||
| 245 | 1 | 0 | |a Vývoj a analýza repo obchodov na Slovensku |c Viera Malacká |
| 520 | |a Repo obchody ako nový nástroj riadenia úverového a úrokového rizika. Repo obchody v súčasnosti na slovenskom trhu podceňované, ich využitie nie je na takej úrovni ako na európskom trhu. Nástroj, ktorý podporuje rozvoj finančného trhu. | ||
| 610 | 2 | 0 | |a repo obchody |
| 610 | 2 | 0 | |a trh finančný |
| 610 | 2 | 0 | |a riziko finančné |
| 610 | 2 | 0 | |a úver |
| 610 | 2 | 0 | |a úrok |
| 610 | 2 | 0 | |a riziko úverové |
| 610 | 2 | 0 | |a banky |
| 100 | 1 | |a Malacká, Viera | |